000 00381pab a2200145 454500
008 180718b xxu||||| |||| 00| 0 eng d
100 _aRoy, Aditi
245 _aPrivatisation - a panacea for the Indian banking system
650 _a Privatisation
650 _a Banks
650 _aPrivatisation - India
700 _aPrasad, Pulak C.
773 _aBanking Finance
909 _a23197
999 _c23197
_d23197